Представление документа в формате RUSMARC

ПолеНазваниеЗначение
  Тип записи a
  Библиографический уровень m
001 Контрольный номер Book/4904
005 Дата корректировки 20240209174422.6
010 Индекс ISBN __
a ISBN 978-5-488-02088-7
b Уточнения в пер.
d Цена 79 р. 00 к.
9 Тираж 5000 экз.
090 Данные записи __
a Состояние записи 20.3
b Тип записи Книги
c Язык записи Русский
d Отрасль знаний (КСУ) Другая
e Секретность Несекретно
g Вид записи Монография (однотомник)
x Дата передачи записи для обработки З-59
100 Данные общей обработки __
a Данные общей обработки 20100520d2013 u u 1rusy ||||ca
101 Язык документа 0_
a Язык текста rus
105 Кодированные данные (монография) __
a Кодированные данные (монография) a z 000yy
200 Заглавие и сведения об ответственности 1_
a Заглавие Тайны прищельцев и НЛО
g Последующие сведения об ответственности худож. А. Еремин
210 Выходные данные 1_
a Место издания Москва
c Издательство ОНИКС
d Дата издания 2008
215 Физическое описание __
a Объем 302, [1] с.
c Иллюстрации/тип воспроизводства ил.
d Формат 21 см.
225 Серия 1_
a Серия Библиотека открытий
300 Общие примечания __
a Общие примечания Ограничения по возрасту - 12+
606 Тематические рубрики 1_
a Основная рубрика Уфология - Детские энциклопедии
610 Ключевые слова 1_
a Ключевые слова пришельцы
a Ключевые слова НЛО
a Ключевые слова гипотезы
a Ключевые слова пирамиды
686 Индексы других классификаций __
a Классификационный индекс 20.3
2 Код системы rubbk
700 Автор _1
a Фамилия Зигуненко
b Имя (инициалы) Станислав Николаевич
g Полное личное имя С. Т.
801 Источник записи _0
a Страна RU
b Организация МБУК ЦБС г. Ульяновска
c Дата составления 20100520
801 Источник записи _1
a Страна RU
b Организация МБУК ЦБС г. Ульяновска
c Дата составления 20100520
801 Источник записи _2
a Страна RU
b Организация МБУК ЦБС г. Ульяновска
c Дата составления 20120920
899 Данные о местонахождении __
3 Книга № 9748
a Местонахождение 28 ф
i Авторский знак З-59
j Расстановочный фильтр 20.3
d Название фонда Инв.книга №1
q Состояние Свободно
x Инвентарный номер 138837
899 Данные о местонахождении __
3 Книга № 9749
a Местонахождение 28 ф
i Авторский знак З-59
d Название фонда Инв.книга №1
h Классификационная часть РШ 20.3
q Состояние Свободно
x Инвентарный номер 138837
899 Данные о местонахождении __
3 Книга № 9750
a Местонахождение 28 ф
i Авторский знак З-59
d Название фонда Инв.книга №1
h Классификационная часть РШ 20.3
q Состояние Свободно
x Инвентарный номер 138837
899 Данные о местонахождении __
3 Книга № 9751
a Местонахождение 30 ф
i Авторский знак З-59
d Название фонда Инв.книга №1
h Классификационная часть РШ 20.3
q Состояние Свободно
x Инвентарный номер 138837
899 Данные о местонахождении __
3 Книга № 50314
a Местонахождение 27 ф
i Авторский знак З-59
d Название фонда Инв.книга №1
h Классификационная часть РШ 20.3
q Состояние Свободно
x Инвентарный номер 138837
899 Данные о местонахождении __
3 Книга № 50315
a Местонахождение 29 ф
i Авторский знак З-59
d Название фонда Инв.книга №1
h Классификационная часть РШ 20.3
q Состояние Свободно
x Инвентарный номер 138837
899 Данные о местонахождении __
3 Книга № 24865
a Местонахождение 2 ф
i Авторский знак З-59
d Название фонда Инв.книга №1
h Классификационная часть РШ 20.3
q Состояние Свободно
x Инвентарный номер 138837
899 Данные о местонахождении __
3 Книга № 24866
a Местонахождение 31 ф
i Авторский знак З-59
d Название фонда Инв.книга №1
h Классификационная часть РШ 20.3
q Состояние Свободно
x Инвентарный номер 138837
910 Корректоры записи __
a Корректор записи Мазина